000 00558nam a2200145Ia 4500
008 140724s9999 xx 000 0 und d
050 _aT 58.6
_b.L864 2014
100 _aLopez, Kristine B.
245 2 _aA cooperative lending system for the employees of generation one resource service and multi-purpose cooperative (Gen One) /
_cKristine B. Lopez.
260 _aLas PiƱas, Philippines :
_bSouthville International School and Colleges,
_cc2014.
300 _a116 p. :
_bill. ;
_c28 cm.
521 _aInformation Technology
942 _cTH
999 _c229313
_d229313